000 00891nam a2200301 i 4500
001 000047839
003 DO-SdBNP
005 20250226101639.0
007 ta
008 110325s1980 dr 000 f spa d
040 _aDO-SdBNP
_bspa
_cBNPHU
_erda
041 _hspa
082 4 _aRD863.42
_bM358o, 1980
_222
100 1 _aMarrero Aristy, Ramón,
_d1913-1959
_eautor
_4aut.
_922324
245 1 0 _aOver :
_bnovela /
_cRamón Marrero Aristy.
250 _anovena edición
264 1 _aSanto Domingo :
_bEditora Taller,
_c1980.
300 _a224 páginas ;
_c21 cm.
336 _atexto
_btxt
_2rdaconten
337 _bsin mediación
_an
_2rdamedia
338 _avolumen
_bnc
_2rdacarrier
490 _aColección Biblioteca taller
_v14
590 _aInventariado, 2018/ YL
650 4 _aNovela dominicana
_9223
650 4 _aLiteratura dominicana.
_967
910 _aYL
942 _2ddc
_cLBS1
999 _c47327
_d47327